书目信息 |
| 题名: |
组织发展与转型有效的变革管理
|
|
| 作者: | 温德尔L.弗伦奇 著 | |
| 分册: | ||
| 出版信息: | 北京 机械工业出版社 2006.05 |
|
| 页数: | 417页 | |
| 开本: | 20cm | |
| 丛书名: | ||
| 单 册: | ||
| 中图分类: | C936 | |
| 科图分类: | ||
| 主题词: | 管理组织学 | |
| 电子资源: | ||
| ISBN: | 7-111-18782-2 | |
| 000 | 00624nam0 2200217 45 | |
| 001 | 0953988828 | |
| 005 | 20091101150055.46 | |
| 010 | @a7-111-18782-2@dCNY68.00 | |
| 100 | @a20090515d2006 ekmy0 y0120 ea | |
| 102 | @aCN@b130000 | |
| 102 | @aCN@b110000 | |
| 105 | @ay z 000yy | |
| 200 | 1 | @a组织发展与转型有效的变革管理@f温德尔L.弗伦奇等著@Fwen de er L.fu lun qi deng zhu |
| 210 | @a北京@c机械工业出版社@d2006.05 | |
| 215 | @a417页@d20cm | |
| 606 | 0 | @a管理组织学 |
| 690 | @aC936@v4 | |
| 701 | 0 | @a温德尔L.弗伦奇@Awen de er L.fu lun qi@4著 |
| 801 | 0 | @aCN@c20091101 |
| 905 | @a10447@dC936@eW616 | |
| 906 | @d68@n2@r1 | |
| 组织发展与转型有效的变革管理/温德尔L.弗伦奇等著.-北京:机械工业出版社,2006.05 |
| 417页;20cm |
| ISBN 7-111-18782-2:CNY68.00 |
| ● |
| 相关链接 |
|
|
|
正题名:组织发展与转型有效的变革管理
索取号:C936/W616
 
预约/预借
| 序号 | 登录号 | 条形码 | 馆藏地/架位号 | 状态 | 备注 |
| 1 | 893773 | 208937739 | 社科库509/509社科库 66排4列1层/ [索取号:C936/W616] | 在馆 | |
| 2 | 893774 | 208937748 | 社科库509/509社科库 66排4列1层/ [索取号:C936/W616] | 在馆 |